Dane musia vytvárať priestor na vnútorné zdroje ekonomiky, tvrdí P. Mihók

Názor P. Mihóka, predsedu Slovenskej obchodnej a priemyselnej komory (SOPK), na privatizačný a transformačný proces slovenskej ekonomiky. Nestabilnosť legislatívneho a podnikateľského prostredia neumožňuje podnikateľom vytvárať dlhodobejšiu stratégiu. Nevyhnutnosť minimálne strednodobého uvažovania...

ver descrição completa

Na minha lista:
Detalhes bibliográficos
Autor principal: Oujezdská, Lena
Formato: Capítulo de Livro
Idioma:eslovaco
Assuntos:
Tags: Adicionar Tag
Sem tags, seja o primeiro a adicionar uma tag!

MARC

LEADER 00000naa a2200000 4500
001 r036767
005 20230921104151.8
041 0 |a slo 
044 |a SK 
245 1 0 |a Dane musia vytvárať priestor na vnútorné zdroje ekonomiky, tvrdí P. Mihók  |c Lena Oujezdská 
520 |a Názor P. Mihóka, predsedu Slovenskej obchodnej a priemyselnej komory (SOPK), na privatizačný a transformačný proces slovenskej ekonomiky. Nestabilnosť legislatívneho a podnikateľského prostredia neumožňuje podnikateľom vytvárať dlhodobejšiu stratégiu. Nevyhnutnosť minimálne strednodobého uvažovania firiem. Nízke právne povedomie. Vysoké daňové a odvodové zaťaženie. Štát musí vytvárať v daňovej a odvodovej povinnosti konkurenčné prostredie pre svoje subjekty. Dôraz na filozofiu rozpočtu na dva roky. 
610 2 0 |a podnikanie 
610 2 0 |a prostredie podnikateľské 
610 2 0 |a legislatíva 
610 2 0 |a zaťaženie daňové 
610 2 0 |a odvody 
610 2 0 |a konkurencieschopnosť 
610 2 0 |a dane 
610 2 0 |a rozpočet štátny 
610 2 0 |a Slovensko 
100 1 |a Oujezdská, Lena